Effect of mulching and plant density on mungbea crop in rainfed lowland after rice, ឥទ្ធិពលនៃគ​ម្របរុក្ខជាតិ និងដង់ស៊ីតេដើមទៅលើដំណាំសណ្តែកបាយនៅតំបន់ទំនាបក្រោយពេលប្រមូលស្រូវ (Record no. 4295)

000 -LEADER
fixed length control field 00705nam a22001337a 4500
040 ## - CATALOGING SOURCE
Transcribing agency RUA
082 ## - DEWEY DECIMAL CLASSIFICATION NUMBER
Classification number ATM NEA 2010 B198 Or.1
100 ## - MAIN ENTRY--AUTHOR NAME
Personal name NEANG, KHEMRITH
245 ## - TITLE STATEMENT
Title Effect of mulching and plant density on mungbea crop in rainfed lowland after rice, ឥទ្ធិពលនៃគ​ម្របរុក្ខជាតិ និងដង់ស៊ីតេដើមទៅលើដំណាំសណ្តែកបាយនៅតំបន់ទំនាបក្រោយពេលប្រមូលស្រូវ
260 ## - PUBLICATION, DISTRIBUTION, ETC. (IMPRINT)
Place of publication Phnom Penh
Name of publisher RUA
Year of publication 2010
300 ## - PHYSICAL DESCRIPTION
Number of Pages xiii, 53p.
Other physical details ill.
Dimensions 29cm.
856 ## - ELECTRONIC LOCATION AND ACCESS
Uniform Resource Identifier https://drive.google.com/file/d/1NxS727h-5Az0GemmGoqQz8WDZHVrgpbt/view?usp=sharing
942 ## - ADDED ENTRY ELEMENTS (KOHA)
Koha item type ATM
952 ## - LOCATION AND ITEM INFORMATION (KOHA)
Withdrawn status [LOCAL, KOHA] 0
952 ## - LOCATION AND ITEM INFORMATION (KOHA)
Withdrawn status [LOCAL, KOHA] 0
952 ## - LOCATION AND ITEM INFORMATION (KOHA)
Withdrawn status [LOCAL, KOHA] 0
952 ## - LOCATION AND ITEM INFORMATION (KOHA)
Withdrawn status [LOCAL, KOHA] 0
952 ## - LOCATION AND ITEM INFORMATION (KOHA)
Withdrawn status [LOCAL, KOHA] 0
952 ## - LOCATION AND ITEM INFORMATION (KOHA)
Withdrawn status [LOCAL, KOHA] 0
952 ## - LOCATION AND ITEM INFORMATION (KOHA)
Withdrawn status [LOCAL, KOHA] 0
Holdings
Koha item type Barcode Lost status Permanent Location Current Location Date acquired Full call number
ATMRUA41029 Library Block BLibrary Block B2015-12-09ATM NEA 2010 B198 Or.1
ATMRUA018271 Library Block BLibrary Block B2015-12-09ATM NEA 2010 B198 Or.2
ATMRUA018213 Library Block BLibrary Block B2015-12-09ATM NEA 2010 B198 Or.3
ATMRUA018141 Library Block BLibrary Block B2015-12-09ATM NEA 2010 B198 Or.4
ATMRUA009357 Library Block BLibrary Block B2015-12-09ATM NEA 2010 B198 Or.5
ATMRUA018205 Library Block BLibrary Block B2015-12-09ATM NEA 2010 B198 Or.6
ATMRUA018133 Library Block BLibrary Block B2015-12-09ATM NEA 2010 B198 Or.7
មជ្ឈមណ្ឌលឯការនៃសាកលវិទ្យាល័យភូមិន្ទកសិកម្មចំការដូង

Powered by Koha